Statistics for 2nd Largest Cities in Each Country

Click here to take the quiz!

General Stats

  • This quiz has been taken 43 times
  • The average score is 21 of 30

Answer Stats

HintAnswer% Correct
AustrailiaMelbourne
98%
TurkeyAnkara
95%
South AfricaCape Town
95%
United KingdomManchester
95%
ItalyMilan
95%
CanadaMontreal
95%
RussiaSaint Petersburg
95%
ChinaShanghai
95%
SpainBarcelona
93%
VietnamHa Noi
93%
United StatesLos Angeles
93%
FranceMarseille
93%
BrazilRio de Janeiro
93%
EgyptAlexandria
88%
GermanyHamburg
88%
PakistanLahore
85%
South KoreaBusan
83%
MexicoGuadalajara
75%
NorwayBergen
70%
KenyaMombasa
68%
JapanYokohama
65%
AustriaGraz
60%
IndonesiaSurabaya
53%
ArgentinaCordoba
48%
CubaSantiago de Cuba
30%
DenmarkAarhus
18%
UruguaySalto
8%
AngolaHuambo City
5%
SenegalTouba
5%
NepalPokhara
3%

Score Distribution

Percentile by Number Answered

Percent of People with Each Score

Your Score History

You have not taken this quiz